Освітня політика Другої Речі Посполитої та ставлення до неї української спільноти Східної Галичини (на прикладі Тернопільського воєводства) (Запис № 459763)

МАРК-запис
000 -Лідер
fixed length control field 03612nam a22002657a 4500
001 - Контрольний номер
control field 216218727
003 - Ідентифікатор контрольного номера
control field UA-OsUOA
005 - Дата та час останнього входження (трансакції)
control field 20201229192612.0
008 - Елементи даних фіксованої довжини – загальна інформація
fixed length control field 200630b un ||||| m||| 00| 0 ukr d
040 ## - Джерело каталогізації
Агенція оригінальної каталогізації UA-OsUOA
Мова каталогізації ukr
Агенція, яка здійснювала перезапис UA-OsUOA
Агенція, яка здійснювала модифікацію UA-OsUOA
041 ## - Код мови
Код мови тексту/ звукової доріжки чи окремого заголовка (П) ukr
080 ## - Індекс Універсальної десяткової класифікації
Індекс Універсальної десяткової класифікації (УДК) (НП) 94(477.84)
090 ## - Локальний шифр розміщення
Класифікаційний індекс УДК 94(477.84)
095 ## - Код спеціальності для авторефератів
Код спеціальності 07.00.01
Назва спеціальності історія України
100 ## - Основне введення – ім’я особи
Ім’я особи (НП) Галай М. П.
245 ## - Відомості про назву
Назва (НП) Освітня політика Другої Речі Посполитої та ставлення до неї української спільноти Східної Галичини (на прикладі Тернопільського воєводства)
Дані про відповідальність (НП) Галай Микола Павлович ; наук. керівник Бармак Микола Валентинович
260 ## - Публікація, розповсюдження і т.п. (Вихідні дані)
Місце публікації, розповсюдження і т.п. (П) Тернопіль
Дата публікації, розповсюдження і т.п. (П) 2013
300 ## - Фізичний опис
Обсяг 20 с.
502 ## - Примітка про дисертацію
Зв'язок Автореферат дисертації на здобуття наукового ступеня кандидата історичних наук<br/>
Наймення інституції, що представляється Тернопільський національний педагогічний університет імені Володимира Гнатюка
Рік отримання вченого ступеня 2013
520 ## - Резюме і т.п.
Резюме, реферат, анотація, тощо (НП) У дисертації здійснено комплексне дослідження освітньої політики Другої Речі Посполитої і ставлення до неї української спільноти Східної Галичини крізь призму функціонування і трансформації системи освіти в Тернопільському воєводстві. Основну увагу приділено аналізу боротьби української громадськості краю за національну школу. Розкрито організаційно-адміністративні особливості становлення системи освіти Другої Речі Посполитої в 20-х роках XX ст.; з’ясовано особливості політики Польщі щодо початкової освіти; досліджено державницькі пріоритети польського уряду в системі середніх освітніх закладів; охарактеризовано становлення середньої професійної освіти та системи підготовки учительських кадрів в країні; проаналізовано освітню реформу 1932 р. та її подальше вдосконалення; простежено ставлення української спільноти Східної Галичини, зокрема Тернопільського воєводства, до освітньої політики Другої Речі Посполитої. На основі критично проаналізованих джерельних та історіографічних матеріалів досліджено місце і роль українських культурно-освітніх товариств та організацій Східної Галичини, передусім Тернопільського воєводства, у захисті україномовної освіти.
650 ## - Додаткове предметне введення – тематичний термін
Джерело заголовка чи терміна UDC
Тематичний термін чи географічна назва, як елемент введення (НП) 94 Історія
942 ## - Додаткові елементи входу (Коха)
Source of classification or shelving scheme Universal Decimal Classification
Тип елемента Koha Автореферат
955 ## - Код типу видання за змістом
Код типу видання за змістом (НП) Наукові видання

Немає доступних примірників.